[Event "Irish Championship 2020"]
[Site "Dublin"]
[Date "2020.08.03"]
[Round "3.10"]
[White "MacElligott, Gerard"]
[Black "Moran, Darragh"]
[Result "0-1"]
[WhiteElo "2020"]
[BlackElo "1873"]
[Annotator "TA"]
[PlyCount "76"]
[EventDate "2020.08.01"]
[EventType "swiss"]
[EventCountry "IRL"]
[SourceTitle "playchess.com"]
[Source "ChessBase"]
[SourceQuality "1"]

{[%evp 26,76,11,20,17,18,26,0,0,0,0,0,0,-59,21,-11,-13,-20,0,0,0,-14,34,20,33,41,60,21,427,456,393,-28,-27,-85,-83,-70,-47,-50,-61,-117,-110,-110,-116,-122,-115,-195,-85,-203,-195,-192,-206,-317,-272]} 1. Nf3 d5 2. g3 Nf6 3. Bg2 e6 4. O-O Be7 5. d4 O-O 6. c4 dxc4 7. Qc2 a6 8. a4 Bd7 9. Qxc4 Bc6 10. Bg5 a5 11. Nc3 Na6 12. Bxf6 Bxf6 13. e4 Nb4 14. Rfd1 Qc8 {E05: Open Catalan: 5 Nf3 Be7.} 15. Rac1 {[#]} Rd8 $146 ({Predecessor:} 15... Qd7 16. b3 b6 17. Ne1 Be7 18. Nf3 Bb7 19. Ne5 Qd8 20. Qe2 Bf6 21. Nb5 c6 22. Nc3 {½-½ (31) Pesonen,S (2284)-Vornanen,A (2329) ICCF email 2011}) 16. e5 Be7 {The position is equal.} 17. Ne1 Bxg2 18. Nxg2 c6 19. Nf4 ({Better is} 19. h4 $11) 19... Nd5 (19... Bg5 $15) 20. Nd3 Nxc3 21. Rxc3 Rd5 22. Nf4 Rd8 23. h4 g6 24. Qe2 Qd7 25. Qg4 Qe8 26. h5 {hxg6 is the strong threat.} Qf8 $2 {[%mdl 8192] [#]} (26... g5 $1 $11) 27. hxg6 $18 hxg6 28. Nh5 $2 (28. Kg2 $18) 28... Qh6 $11 29. Nf6+ (29. Nf4 $11 {keeps the balance.} Kg7 30. Kg2 (30. Nxe6+ fxe6 31. Qxe6 Bg5 $11)) 29... Bxf6 $17 30. exf6 Qh5 $36 {[%mdl 2048] Black has good play.} 31. Qxh5 gxh5 $15 {[%mdl 4096] Endgame KRR-KRR} 32. g4 (32. Rc5 $15) 32... hxg4 $17 33. Rg3 Kh7 34. Rxg4 {[#] Intending Kg2 and mate.} Rg8 35. f3 (35. Rg2 $17) 35... Rad8 (35... Rxg4+ $19 36. fxg4 Kg6) 36. Kf2 (36. Rxg8 $17 {was the only defense.} Rxg8+ 37. Kf2) 36... Rxg4 $19 37. fxg4 Kg6 38. Ke3 (38. Ke2 $142) 38... c5 {Never resign too early! Accuracy: White = 49%, Black = 66%.} ({Weaker is} 38... Kxf6 39. b4 $17) 0-1

[Event "Irish Championship 2020"]
[Site "Dublin"]
[Date "2020.08.03"]
[Round "3.11"]
[White "Flynn, Jacob"]
[Black "McHugh, Kevin"]
[Result "1-0"]
[WhiteElo "2114"]
[BlackElo "2010"]
[Annotator "TA"]
[PlyCount "61"]
[EventDate "2020.08.01"]
[EventType "swiss"]
[EventCountry "IRL"]
[SourceTitle "playchess.com"]
[Source "ChessBase"]
[SourceQuality "1"]

{[%evp 16,61,61,50,58,60,75,77,86,52,55,12,24,20,63,57,62,71,76,77,107,95,153,105,127,68,70,77,68,66,90,73,68,64,180,175,247,248,250,248,327,330,322,319,29988,29989,29995,29996]} 1. d4 Nf6 2. c4 g6 3. Nc3 d5 4. Bg5 Ne4 5. Bh4 Nxc3 6. bxc3 Bg7 7. e3 O-O 8. Nf3 c6 9. Qb3 dxc4 {D91: Grünfeld: 4 Nf3 Bg7 5 Bg5.} 10. Bxc4 b5 11. Be2 Be6 {White is better.} 12. Qa3 Re8 {[#]} 13. c4 $146 ({Predecessor:} 13. Ng5 Bd5 14. O-O h6 15. Nf3 Nd7 16. Nd2 g5 17. Bg3 e5 18. Bg4 e4 19. Qd6 {0-1 (49) Polyakova,N (2205)-Nechepurenko,R (2353) Serpukhov 2002}) 13... bxc4 14. Rc1 Nd7 15. Bxc4 Bd5 16. O-O Nb6 17. Be2 Qd7 18. Bg3 h6 (18... f6 $142) 19. Ne5 Qe6 20. Bg4 (20. Nd3 $16) 20... f5 $1 $14 {[%cal Rf5g4]} 21. Be2 Bxe5 22. Bxe5 Nc4 23. Bxc4 $1 Bxc4 24. Rfe1 Bb5 ({Black should play} 24... Bxa2 $14 25. Rc5 Rf8) 25. e4 $18 a5 (25... Rad8 {was called for.} 26. exf5 (26. Qxa7 fxe4 27. a3 Qd5 $16) 26... Qxf5) 26. Qh3 h5 27. Qe3 $40 {[%mdl 128] [#] Strongly threatening Qh6! Black is in trouble.} Kf7 28. Qh6 {[%csl Ge5][%cal Rh6g7]} ({Don't take} 28. exf5 gxf5 29. Qh3 Rg8 $18) 28... Rg8 29. exf5 Qxf5 $2 (29... gxf5 $18 30. Qh7+ Kf8) 30. Qh7+ Ke6 {[#]} 31. Bf6+ $1 {[%mdl 512] Accuracy: White = 78%, Black = 51%.} 1-0

[Event "Irish Championship 2020"]
[Site "Dublin"]
[Date "2020.08.03"]
[Round "3.12"]
[White "Cafolla, Peter"]
[Black "O'Connell, Gerard"]
[Result "1/2-1/2"]
[WhiteElo "1955"]
[BlackElo "2075"]
[Annotator "TA"]
[PlyCount "69"]
[EventDate "2020.08.01"]
[EventType "swiss"]
[EventCountry "IRL"]
[SourceTitle "playchess.com"]
[Source "ChessBase"]
[SourceQuality "1"]

{[%evp 17,69,36,76,68,75,50,65,54,57,57,71,31,33,36,39,29,39,43,48,30,54,49,66,72,65,53,79,77,89,11,13,8,30,9,20,29,29,21,43,36,28,0,0,0,0,0,0,0,0,0,0,0,0,0]} 1. d4 Nf6 2. c4 g6 3. Nc3 d5 4. e3 c6 5. Bd3 Bg7 6. Nf3 O-O 7. O-O Bf5 8. Bxf5 gxf5 9. cxd5 Nxd5 10. Qb3 {D94: Grünfeld: 4 Nf3 Bg7 5 e3.} b6 11. Bd2 e6 12. Rac1 {[#] White is slightly better.} Nxc3 $146 ({Predecessor:} 12... Ne7 13. Rfe1 Nd7 14. e4 c5 15. Be3 f4 16. Bxf4 cxd4 17. Nb5 e5 18. Bg3 Nc5 {0-1 (34) Murshed,N (2505)-Barua,D (2550) Dubai 1992}) 13. Bxc3 a5 14. a4 Nd7 15. Rfd1 Qc7 16. Qc2 Rfc8 17. Qe2 Qd8 18. Ne5 Qe7 19. Qf3 Bxe5 20. dxe5 Nc5 21. Bd4 Ne4 22. Qf4 c5 23. f3 (23. Bc3 $1 $16) 23... cxd4 $11 24. fxe4 Rxc1 25. Rxc1 {[%mdl 4096] Endgame KQR-KQR} d3 26. exf5 exf5 27. Qxf5 Rd8 28. Rd1 d2 29. Qf2 Qc5 {The position is equal.} 30. Qf4 {[#] aiming for Qg5+.} Qd5 31. Kf2 Qd3 32. Qg5+ Kf8 $1 33. Qh6+ Ke8 34. Qxb6 Qf5+ 35. Kg1 {Accuracy: White = 79%, Black = 95%.} 1/2-1/2

[Event "Irish Championship 2020"]
[Site "Dublin"]
[Date "2020.08.03"]
[Round "3.13"]
[White "Putar, Lara"]
[Black "Venkatesan, Kavin"]
[Result "0-1"]
[WhiteElo "1834"]
[BlackElo "1946"]
[Annotator "TA"]
[PlyCount "98"]
[EventDate "2020.08.01"]
[EventType "swiss"]
[EventCountry "IRL"]
[SourceTitle "playchess.com"]
[Source "ChessBase"]
[SourceQuality "1"]

{[%evp 13,98,0,9,0,-5,-25,-23,-45,-26,-116,-91,-110,-119,-102,-101,-273,-277,-296,-279,-275,-250,-415,-397,-411,-412,-404,-391,-414,-410,-404,-233,-236,-216,-215,-216,-208,-210,-197,-207,-245,-238,-231,-225,-527,-527,-520,-506,-514,-518,-454,-289,-288,-302,-295,-282,-358,-302,-581,-528,-587,-574,-837,-819,-29983,-978,-1158,-1108,-2419,-859,-29970,-967,-29966,-967,-967,-829,-829,-829,-973,-967,-959,-959,-29979,-29980,-29980,-29980,-29992,-29993]} 1. d4 Nf6 2. c4 e6 3. Nf3 d5 4. g3 Bb4+ 5. Bd2 Be7 6. Bg2 O-O 7. O-O Nbd7 8. Nc3 {E11: Bogo-Indian.} dxc4 9. Rc1 c6 {[#]} 10. a4 $146 {Black has an edge.} ({Predecessor:} 10. e4 b5 11. Qe2 a6 12. a3 Bb7 13. Rfd1 a5 14. Qe1 Nb6 15. Rb1 b4 16. Na2 {½-½ (46) Romanishin,O (2615)-Jussupow,A (2630) Altensteig 1993}) 10... a6 11. Na2 (11. b3 $11) 11... b5 $1 $17 12. axb5 axb5 13. Nb4 Bb7 14. Re1 $2 (14. b3 $17 {was called for.}) 14... c5 $19 15. dxc5 Nxc5 ({But not} 15... Bxc5 16. Bc3 $19) 16. Bc3 Qb6 17. Ne5 $2 (17. e3) 17... Bxg2 18. Kxg2 Nb3 19. Rb1 Bxb4 20. Bxb4 Rfd8 21. Qc2 Nd4 (21... Ra4 $142 22. Ba3 Nd4) 22. Qc1 Ra4 23. Bc3 Nb3 24. Qf4 {[#]} Qc7 $1 25. Rbd1 {And now Ng4 would win.} Nd5 26. Qf3 {and if e4 works, White does fine.} b4 27. e4 bxc3 28. bxc3 $2 (28. exd5 {nothing else works.} c2 29. d6 cxd1=B 30. Rxd1) 28... Nf6 29. Rxd8+ Qxd8 30. Rd1 Qc7 31. Rd7 Qxd7 32. Nxd7 Nxd7 33. Qd1 Nf8 34. Qd8 Ra2 35. Kf3 $2 (35. Qc7 Nd2 36. Qf4) 35... Rc2 36. Qc8 Rxc3+ 37. Kf4 Nd2 38. h4 Rd3 (38... h5 $142 39. Qe8 Rf3+ 40. Ke5 Rd3 41. Kf4 c3 42. Qb5 Ng6+ 43. Kg5 Nxe4+ {[%mdl 64] Double Attack} 44. Kxh5 Nf6+ 45. Kg5 {[#]} c2 $1 {[%mdl 512]} 46. Qxd3 c1=Q+ 47. Qe3 Qd1 48. Qf3 Qxf3 49. h5 Qxh5#) 39. h5 h6 40. Qa6 {[#]} Rd4 $1 {[%csl Gd2][%cal Rd4e4]} 41. Ke5 Rxe4+ 42. Kd6 Rd4+ (42... c3 $142 43. Qd3 Rc4 44. f3 c2 45. Qxd2 c1=Q 46. Qxc1 Rxc1 47. f4 f6 48. g4 Rd1+ 49. Kc6 e5 50. fxe5 fxe5 51. Kc5 e4 52. Kc4 e3 53. Kb4 e2 54. g5 e1=Q+ 55. Kb3 Qe4 56. g6 Rd3+ 57. Kc2 Qe2+ {[%mdl 64] Double Attack} 58. Kc1 Rd1#) 43. Kc5 Rd5+ 44. Kb4 Rd3 45. Qa2 Rb3+ 46. Kc5 c3 47. Qc2 Rb2 {Black mates.} 48. Qd1 Nb3+ {[%mdl 64] Discovered Attack} 49. Kd6 Rd2+ {[%mdl 64] Double Attack. White did not feel at home in the position after the opening. Accuracy: White = 42%, Black = 71%.} 0-1

[Event "Irish Championship 2020"]
[Site "Dublin"]
[Date "2020.08.03"]
[Round "3.14"]
[White "Lyons, Brendan"]
[Black "Mirza, Diana"]
[Result "1-0"]
[WhiteElo "1941"]
[BlackElo "1939"]
[Annotator "TA"]
[PlyCount "81"]
[EventDate "2020.08.01"]
[EventType "swiss"]
[EventCountry "IRL"]
[SourceTitle "playchess.com"]
[Source "ChessBase"]
[SourceQuality "1"]

{[%evp 11,81,-23,-29,-67,0,0,0,0,0,-62,-81,-77,-64,-69,-37,-47,0,-16,34,-25,115,129,485,479,443,196,425,413,430,424,395,403,395,369,349,312,303,220,242,237,222,88,79,-161,-174,-189,0,-4,0,-93,-89,-101,323,330,685,680,651,639,29990,29991,29991,29992,29992,0,1868,0,29992,29993,29993,29994,29994,29995]} 1. e4 c5 2. Nc3 g6 3. f4 Bg7 4. Nf3 Nc6 5. Bc4 e6 6. f5 gxf5 7. d3 {B23: Closed Sicilian: Lines without g3.} fxe4 (7... Nge7 $15) 8. dxe4 $11 Nge7 9. O-O {The position is equal.} O-O 10. Ng5 (10. Bg5 $11) 10... f6 $15 11. Nh3 Ne5 12. Be2 N7g6 13. Nf4 {[#]} a6 $146 ({Predecessor:} 13... Nxf4 14. Bxf4 b6 15. Bxe5 fxe5 16. Rxf8+ Qxf8 17. Bc4 Qe7 18. Qg4 Bb7 19. Rd1 Kh8 {½-½ (40) Bohn,T (2328)-Limbourg,P (2212) Germany 2019}) 14. Nh5 b5 15. Be3 (15. Qd6 $14) 15... Qe7 {[#]} (15... d6 $11 {keeps the balance.}) 16. Nd5 $1 $16 {[%cal Rd5e7][%mdl 512]} Qf7 $2 {[%mdl 8192]} (16... Qd8 $16) (16... exd5 17. Qxd5+) 17. Ndxf6+ Bxf6 18. Bh6 {[#]} ({Not} 18. Rxf6 Qe7 $18) (18. Nxf6+ $142 Qxf6 19. Rxf6 Rxf6 20. h4) 18... Nf3+ $2 (18... Ng4 $1 {[%mdl 512] might work better.}) 19. Rxf3 $18 Bd4+ 20. Kh1 Qe7 {and if ...Rxf3 works, Black does fine.} 21. Bxf8 Nxf8 22. c3 Be5 23. Qd2 Bb7 24. Qe3 Qh4 {[%csl Ge5][%cal Rh4h2]} 25. Rh3 Qxe4 {[%csl Gb7][%cal Re4g2]} 26. Rg3+ (26. Qf2 $1 $18 {and White stays clearly on top.}) 26... Ng6 $16 27. Qf2 $2 (27. Qxe4 $16 {and life is bright.} Bxe4 28. Bf3 Bxf3 29. Rxf3) 27... Bxg3 $19 28. Nf6+ Kh8 $2 (28... Kf7 $19 29. hxg3 Qxg2+ $1 {[%mdl 576] Deflection} 30. Qxg2 Bxg2+ 31. Kxg2 Kxf6) 29. hxg3 $11 Qc6 30. Bd3 (30. Bf3 $11 d5 31. Bh5) 30... Rf8 $17 31. Be4 d5 $2 {[%mdl 8192]} (31... Qc7 $1 $17 {keeps the pressure on. And now ...Bxe4 would win.} 32. Bxb7 Qxb7) 32. Bxg6 $1 $18 {Qf4 is the strong threat.} hxg6 $2 (32... e5) 33. Qf4 {[%cal Rf4h6]} Kg7 {[#]} 34. Rf1 $1 {Nh5+! would kill now.} Rh8+ {[#]} 35. Kg1 $1 d4 {[#]} 36. Nh5+ $1 {[%mdl 512]} Kh7 (36... gxh5 37. Qg5+) 37. Nf6+ (37. Qf7+ $142 Kh6 38. Qg7+ {[%mdl 64] Double Attack} Kg5 39. Qf6+ Kh6 40. Qxh8+ Kg5 41. Qf6+ Kh6 42. Qf8+ Kxh5 43. Qh8+ {[%mdl 64] Double Attack} Kg5 44. Qh4#) 37... Kg7 {[%csl Gb7][%cal Rc6g2] [#]} 38. Nh5+ $1 $40 {[%mdl 640] Black needs to defend precisely.} Kh7 {[%csl Gb7][%cal Rc6g2]} (38... gxh5 39. Qg5+) 39. Qf7+ {White mates.} Kh6 40. Qg7+ {[%mdl 64] Double Attack} Kg5 41. Qf6+ {Accuracy: White = 53%, Black = 39%.} 1-0

[Event "Irish Championship 2020"]
[Site "Dublin"]
[Date "2020.08.03"]
[Round "3.15"]
[White "Peoples, Jonathon"]
[Black "O`Gorman, Alice"]
[Result "1-0"]
[WhiteElo "1932"]
[BlackElo "1904"]
[Annotator "TA"]
[PlyCount "61"]
[EventDate "2020.08.01"]
[EventType "swiss"]
[EventCountry "IRL"]
[SourceTitle "playchess.com"]
[Source "ChessBase"]
[SourceQuality "1"]

{[%evp 11,61,17,18,0,14,3,29,20,29,15,19,20,60,67,138,142,150,164,333,329,336,285,312,317,306,6,245,254,270,278,281,266,341,279,366,362,471,446,546,541,677,674,648,667,1061,910,1165,1142,1295,1277,1127,1001]} 1. d4 d5 2. c4 e6 3. Nc3 c6 4. e4 dxe4 5. Nxe4 Bb4+ 6. Nc3 c5 7. Be3 {D31: Queen's Gambit Declined: Semi-Slav without ...Nf6 (+ Marshall Gambit and Noteboom) and Exchange Variation lines without ...Nf6.} Nf6 8. Nf3 Nc6 9. Be2 {White has an edge.} Ne4 {[#] White must now prevent ...cxd4.} 10. Rc1 {[#]} O-O $146 ({Predecessor:} 10... cxd4 11. Nxd4 Nxc3 12. bxc3 Be7 13. Nxc6 bxc6 14. Qxd8+ Kxd8 15. Rd1+ Bd7 16. O-O Kc8 {½-½ (25) Zvjaginsev,V (2688)-Sjugirov,S (2622) Moscow 2012}) 11. O-O Nxc3 12. bxc3 Ba5 (12... cxd4 $14 13. cxd4 (13. cxb4 dxe3 14. b5 exf2+ 15. Rxf2 Ne7 $11) 13... b6) 13. d5 $36 {[%mdl 2048] White is on the roll.} ({Reject} 13. dxc5 $6 Qxd1 14. Rfxd1 e5 $11) 13... Ne7 14. Bxc5 Re8 $2 (14... exd5 15. cxd5 Re8) 15. Bxe7 $18 Qxe7 16. d6 Qd8 17. c5 Bd7 18. Qb3 $2 (18. Ne5 $18) 18... Bc6 $2 {Now Black is done in.} (18... Rc8 $11 {and Black has nothing to worry.}) 19. Ne5 {Bb5 is the strong threat.} Bxg2 20. Kxg2 Qg5+ 21. Ng4 h5 22. Qxb7 hxg4 {[#]} 23. Qb5 $1 Qe5 24. Qxa5 {White is clearly winning.} Qxe2 25. Kg1 Qf3 26. d7 Red8 27. Qc7 f5 28. c6 f4 29. Qd6 g3 30. Qxe6+ Kh7 31. fxg3 {Accuracy: White = 79%, Black = 33%.} 1-0

[Event "Irish Championship 2020"]
[Site "Dublin"]
[Date "2020.08.03"]
[Round "3.16"]
[White "O'Connor, Jonathan"]
[Black "Byrne, Alex"]
[Result "1-0"]
[WhiteElo "2159"]
[BlackElo "1976"]
[Annotator "TA"]
[PlyCount "63"]
[EventDate "2020.08.01"]
[EventType "swiss"]
[EventCountry "IRL"]
[SourceTitle "playchess.com"]
[Source "ChessBase"]
[SourceQuality "1"]

{[%evp 19,63,48,46,43,47,51,62,58,80,54,130,120,189,188,172,154,159,167,167,56,44,0,0,0,139,91,158,172,420,422,423,421,368,395,434,352,350,299,709,691,712,676,29992,29993,29993,29991]} 1. d4 Nf6 2. c4 e6 3. g3 d5 4. Nf3 b6 5. Bg2 Bb7 6. O-O Be7 7. Qc2 O-O 8. Rd1 Nbd7 9. Nc3 Rc8 10. cxd5 Nxd5 11. e4 {E18: Queen's Indian: Old Main Line (4 g3 Bb7 5 Bg2 Be7 6 0-0 0-0 7 Nc3).} Nxc3 12. bxc3 c5 13. d5 $1 {White is slightly better.} exd5 14. exd5 {[#]} b5 $146 (14... Bf6 $14) ({Predecessor:} 14... Bf6 15. Bf4 c4 16. Rab1 Nc5 17. Ne5 Re8 18. Nxc4 Ne4 19. Bxe4 Rxc4 20. Bxh7+ Kh8 {1-0 (40) Matveev,V (2368)-Camacho Collados,J (2408) chess.com INT 2020}) 15. Rb1 $1 $16 Nb6 (15... Qb6 $16 {was called for.} 16. c4 b4) 16. d6 $1 $18 {[%cal Rd6e7]} Bf6 {[#]} 17. Ng5 $1 ({Don't play} 17. Rxb5 $6 Bc6 $14) 17... Bxg5 18. Bxb7 Rb8 {[#]} 19. Be4 (19. Ba6 $1 $18) 19... Bxc1 $14 20. Bxh7+ Kh8 {...Bh6 is the strong threat.} 21. Rbxc1 {Strongly threatening d7.} Qf6 (21... g6 $1 $11 22. Bxg6 fxg6) 22. Be4 $36 {[%mdl 2048] aiming for Qe2. Black is under strong pressure.} Rfd8 (22... g6 $142) 23. Qe2 $16 Qe5 $2 (23... g6 {keeps fighting.} 24. Qxb5 Rxd6 25. Qxc5 Rxd1+ 26. Rxd1 Rc8) 24. f4 $18 Qe6 25. Qh5+ {[%mdl 64] Double Attack} Qh6 26. Qxf7 Rxd6 27. Rxd6 Qxd6 28. Qh5+ Kg8 $2 (28... Qh6 29. Qxc5 Nc4 30. Qxa7 Re8) 29. Rd1 Qe7 30. Re1 Qf6 31. Bh7+ Kf8 32. Bg6 {Accuracy: White = 81%, Black = 29%.} 1-0

[Event "Irish Championship 2020"]
[Site "Dublin"]
[Date "2020.08.04"]
[Round "4.1"]
[White "O`Gorman, Tom"]
[Black "Kanyamarala, Tarun"]
[Result "1/2-1/2"]
[WhiteElo "2345"]
[BlackElo "2381"]
[Annotator "TA"]
[PlyCount "102"]
[EventDate "2020.08.01"]
[EventType "swiss"]
[EventCountry "IRL"]
[SourceTitle "playchess.com"]
[Source "ChessBase"]
[SourceQuality "1"]

{[%evp 9,102,9,12,0,14,0,22,0,0,0,0,0,0,0,10,0,0,0,0,12,4,13,32,38,44,20,16,5,15,14,16,16,42,27,29,12,49,48,44,49,85,85,84,85,92,88,87,104,90,85,137,110,116,44,48,53,53,46,45,23,1,13,10,0,0,0,0,-5,-5,-5,-5,-19,-20,-25,-16,-34,12,0,0,0,0,0,0,0,0,0,0,0,0,0,0,0,0,0,0]} 1. d4 d5 2. Nf3 Nf6 3. c3 c6 4. Bf4 Bf5 5. e3 Qb6 6. Qb3 {D02: 1 d4 d5 2 Nf3 sidelines, including 2...Nf6 3 g3 and 2...Nf6 3 Bf4.} Nbd7 7. h3 h6 8. Be2 e6 9. O-O Be7 10. Nbd2 {[%cal Bb1d2,Bd2b3,Bb3a5,Ba5c4,Bc4e5][%mdl 32]} O-O 11. c4 c5 12. cxd5 {[#]} Nxd5 $146 ({Predecessor:} 12... exd5 13. dxc5 Bxc5 14. Qxb6 Bxb6 15. Rac1 Rac8 16. Nb3 Rfd8 17. Nbd4 Be4 18. Nb5 Ne8 {0-1 (61) Jaskolka,T (2177)-Dudzinski,P (2304) Jastrzebia Gora 2018}) 13. Bh2 {[#] And now e4 would win.} Qxb3 14. Nxb3 cxd4 15. Nfxd4 Bh7 16. Na5 Nc5 17. a3 Bd8 18. Nc4 Bf6 {White should prevent ...Bxd4.} 19. Be5 Bxe5 20. Nxe5 Rac8 21. Rfd1 Na4 22. Rd2 Nf6 23. f3 Rc5 24. Nc4 b5 {[#]} 25. Na5 $1 a6 26. e4 Nh5 27. Rad1 Nf4 28. Ndc6 g5 29. Nb4 Rfc8 (29... Rc7 $142) 30. Bf1 ({But not} 30. Nxa6 Nxe2+ 31. Rxe2 Rc2 $16) 30... Rc1 31. Rxc1 ({Resist} 31. Nxa6 Rxd1 32. Rxd1 Nxb2 $14) (31. b3 $16 Rxd1 32. Rxd1) 31... Rxc1 $14 32. Kf2 Nc5 33. g3 Nh5 34. Rc2 Rxc2+ 35. Nxc2 f5 36. exf5 exf5 37. Nd4 f4 38. g4 Ng3 39. b4 Nd7 40. Nac6 Nxf1 41. Kxf1 $11 {[%mdl 4096] Endgame KBN-KNN} Bd3+ 42. Kf2 Nb6 43. Nb8 {The position is equal.} Nc4 $1 44. Nxa6 {Hoping for Nc5.} Nxa3 45. Nc7 Kf7 46. Nd5 Nc2 47. Nxc2 Bxc2 48. h4 Bd3 49. hxg5 hxg5 50. Ke1 Ke6 51. Kd2 Kxd5 {Accuracy: White = 96%, Black = 87%.} 1/2-1/2

[Event "Irish Championship 2020"]
[Site "Dublin"]
[Date "2020.08.04"]
[Round "4.2"]
[White "Kanyamarala, Trisha"]
[Black "O`Donnell, Conor"]
[Result "0-1"]
[WhiteElo "2193"]
[BlackElo "2304"]
[Annotator "TA"]
[PlyCount "120"]
[EventDate "2020.08.01"]
[EventType "swiss"]
[EventCountry "IRL"]
[SourceTitle "playchess.com"]
[Source "ChessBase"]
[SourceQuality "1"]

{[%evp 10,120,-8,-7,-7,-13,-4,-13,-14,-74,-79,-77,-77,-77,-77,-77,-77,-85,0,0,0,-102,-86,-122,-55,-57,-51,-51,-30,-43,-53,-59,-60,-60,-38,-36,-35,-39,-37,-36,-35,-41,-35,-47,-44,-44,-27,-27,-29,-47,-34,-43,-31,-64,-35,-35,-35,-35,-35,-36,-35,-60,-35,-74,-35,-87,-99,-101,-92,-87,-66,-82,-56,-56,0,-57,-57,-39,-43,-82,-66,-93,-68,-228,-87,-114,-56,-206,-201,-411,-234,-451,-222,-404,-388,-460,-451,-435,-390,-460,-433,-957,-733,-1907,-1948,-1471,-1461,-12829,-12831,-12836,-12836,-12833,-1387]} 1. d4 d5 2. Nf3 Nf6 3. c4 e6 4. Bg5 dxc4 5. Nc3 a6 6. a4 Nc6 {[%cal Bb8c6,Bc6a5,Ba5b3,Bb3c1][%mdl 32] D24: Queen's Gambit Accepted: 3 Nf3 Nf6 4 Nc3.} 7. e3 Na5 8. Ne5 Bb4 {The position is equal.} 9. Qf3 {[#]} (9. Bxf6 $11 gxf6 10. Nxc4) 9... Qd5 $146 ({Predecessor:} 9... h6 10. Bh4 Qd5 11. Be2 Qxf3 12. Bxf3 g5 13. Bg3 h5 14. h3 Nd5 15. O-O Bxc3 16. bxc3 {0-1 (40) Berczes,D (2452)-Yu,J (2278) Charlotte 2019}) 10. Bxf6 Qxf3 11. gxf3 gxf6 12. Nxc4 Nb3 13. Ra2 Nc1 14. Ra1 Nb3 15. Ra2 $1 Bd7 16. Rg1 O-O-O (16... c5 $17 17. dxc5 Bc6) 17. Kd1 $1 $15 Rhg8 18. Rg3 Bc6 19. Kc2 Na5 20. Nxa5 Bxa5 21. Be2 h5 22. Ra1 h4 23. Rg4 f5 24. Rxh4 Rh8 25. Rxh8 Rxh8 26. Rh1 Rh3 {[%mdl 1024] Black has compensation.} 27. b3 Bb4 28. Nd1 Be7 29. Kd2 Bd5 (29... Bxf3 $2 30. Bxf3 Bd6 31. Ke2 $18) 30. Kc2 Kd7 31. Kc3 c5 32. dxc5 Bxc5 33. Nb2 Bd6 34. Nd3 Ke7 35. b4 Bc6 36. Kb3 Kf6 37. Ne1 (37. a5 $15) 37... Rh4 $17 (37... Rxh2 $6 38. Rxh2 Bxh2 39. b5 $11) 38. Nc2 Bd5+ 39. Kc3 Be5+ 40. Kd2 Rh3 ({Much weaker is} 40... Rxh2 $6 41. Rxh2 Bxh2 42. f4 $11) 41. Ne1 Rh4 ({Of course not} 41... Rxh2 42. Rxh2 Bxh2 43. f4 $11) (41... Bd6 $15 42. Nd3 Rh4) 42. Nd3 (42. Nc2 $1 $11) 42... Bd6 $36 {[%mdl 2048] Black fights for an advantage.} ({But not} 42... Rxh2 43. Rxh2 Bxh2 44. f4 $16) 43. Rb1 Rxh2 44. b5 a5 45. b6 Bc6 46. Bd1 $2 ({White should play} 46. f4 $1 $15) 46... Rh1 (46... e5 $1 $19 {has better winning chances. aiming for ...e4.} 47. Ke2 e4 48. fxe4 fxe4) 47. Rc1 $17 Be7 ({Better is} 47... e5 $17 48. f4 e4) 48. Nb2 (48. f4 $15) 48... Bb4+ $19 49. Ke2 $2 (49. Kc2 {was forced.}) 49... Re1+ 50. Kd3 {[#]} Ba3 {[#]} (50... Bxf3 $142 $1 {[%mdl 512] Threatens to win with ...Rf1.} 51. Ra1 (51. Bxf3 Rxc1) 51... e5) 51. Kc2 $2 (51. Rxc6 $1 {[%mdl 512] was the only chance.} Bxb2 (51... bxc6 52. b7) 52. Rc7 Rxd1+ 53. Kc2) 51... Rf1 52. Kb3 Bxb2 $1 53. Kxb2 {With the idea Rxc6!} Rxf2+ 54. Kb3 {And now Rxc6! would win.} Bxf3 {...Rf1 is the strong threat.Black is clearly winning.} 55. Bxf3 (55. Kc4 $142 Bc6 56. Kc3) 55... Rxf3 {KR-KR} 56. Rc7 Rxe3+ 57. Kc2 Re4 58. Rxb7 Rxa4 59. Ra7 Rb4 60. b7 Kg5 {Accuracy: White = 54%, Black = 72%.} 0-1